| 000 | 00440nam a2200169Ia 4500 | ||
|---|---|---|---|
| 008 | 180424s9999 xx 000 0 und d | ||
| 084 | _a510.78 R198 | ||
| 100 | _a"Reimer, Stan" | ||
| 245 | 0 | _aWindows Server 2008 Active Directory Resource Kit | |
| 250 | _a\\200800ENGGPSX | ||
| 260 | _aPrentice Hall of India | ||
| 260 | _b2008 | ||
| 260 | _cNew Delhi | ||
| 300 | _a828p. | ||
| 500 | _aincludes index and biblioraphy | ||
| 942 | _cBK | ||
| 999 |
_c83581 _d83581 |
||